Community mapping: the recovery (and discovery) of our common ground (Record no. 73357)
[ view plain ]
| 000 -LEADER | |
|---|---|
| fixed length control field | 01257cam a2200241 4500 |
| 001 - CONTROL NUMBER | |
| control field | ABS66983 |
| 008 - FIXED-LENGTH DATA ELEMENTS--GENERAL INFORMATION | |
| fixed length control field | 030904n2003 000 0 eng u |
| 035 ## - SYSTEM CONTROL NUMBER | |
| System control number | (Sirsi) u123502 |
| 100 ## - MAIN ENTRY--PERSONAL NAME | |
| Personal name | Lydon, M. |
| 245 ## - TITLE STATEMENT | |
| Title | Community mapping: the recovery (and discovery) of our common ground |
| 260 ## - PUBLICATION, DISTRIBUTION, ETC. | |
| Date of publication, distribution, etc. | 2003 |
| 490 ## - SERIES STATEMENT | |
| Series statement | Geomatica |
| Volume/sequential designation | 57(2) 2003, 131-143(13) |
| 520 ## - SUMMARY, ETC. | |
| Summary, etc. | Community mapping is the recovery and discovery of the connections and common ground that all communities share. Community mapping is also part of a global movement for participatory learning, community empowerment and sustainable planning. Explores the power of maps and the theoretical challenge posed by indigenous and community mapping to the discipline of Western cartography. Presents profiles of community mapping initiatives in Canada and a case study of Common Ground Victoria along with community mapping practitioner observations on mapping methodology and technology. [Taken from journal abstract]. |
| 590 ## - LOCAL NOTE (RLIN) | |
| Local note | ABS |
| 650 ## - SUBJECT ADDED ENTRY--TOPICAL TERM | |
| Topical term or geographic name entry element | COMMUNITY MAPPING |
| 650 ## - SUBJECT ADDED ENTRY--TOPICAL TERM | |
| Topical term or geographic name entry element | SUSTAINABLE DEVELOPMENT |
| 650 ## - SUBJECT ADDED ENTRY--TOPICAL TERM | |
| Topical term or geographic name entry element | COMMUNITY DEVELOPMENT |
| 650 ## - SUBJECT ADDED ENTRY--TOPICAL TERM | |
| Topical term or geographic name entry element | REGENERATION |
| 650 ## - SUBJECT ADDED ENTRY--TOPICAL TERM | |
| Topical term or geographic name entry element | COMMUNITY PARTICIPATION |
| 650 ## - SUBJECT ADDED ENTRY--TOPICAL TERM | |
| Topical term or geographic name entry element | COMMUNITY PLANNING |
| 690 ## - LOCAL SUBJECT ADDED ENTRY--TOPICAL TERM (OCLC, RLIN) | |
| Topical term or geographic name as entry element | Geomatics |
| 9 (RLIN) | 6242 |
| 942 ## - ADDED ENTRY ELEMENTS (KOHA) | |
| Suppress in OPAC | 0 |
| Withdrawn status | Lost status | Source of classification or shelving scheme | Damaged status | Not for loan | Home library | Current library | Shelving location | Date acquired | Total Checkouts | Full call number | Barcode | Date last seen | Copy number | Price effective from | Koha item type |
|---|---|---|---|---|---|---|---|---|---|---|---|---|---|---|---|
| Dewey Decimal Classification | London | London | Journal article | 04/09/2003 | ABS66983 | 123502-1001 | 06/08/2019 | 1 | 06/08/2019 | Journal article |